000 01148nam a22003257a 4500
003 CHAP
005 20220329135004.0
008 971013s1955 r 00010 d
010 _a29158
011 _a30130
035 _a34242
040 _cCHAP
090 _aTesis
100 0 0 _aLeón Estrada, Luis Antonio.
_966112
245 _aDistribución de aguas y obras de mejoramiento necesarias en el Distrito de riego No. 26 del Bajo Río San Juan, Tamps.
260 _aChapingo, Méx. :
_bEl autor,
_c1955
300 _a55 h.
_b: ilus.
502 _aTesis (Ing. Agr. Esp. en Irrigación) -- ENA. Departamento de Irrigación
590 _aALEPH
_b10
_c20130110
_lUCH01
_h1250
590 _aBATCH-UPD
_b10
_c20130110
_lUCH01
_h1700
590 _aBATCH-UPD
_b10
_c20130410
_lUCH01
_h1048
590 _aBATCH-UPD
_b10
_c20130914
_lUCH01
_h1207
590 _aCONVERSION
_b10
_c20130109
_lUCH01
_h1317
650 1 4 _aAgua
_xAbastecimiento
_xTamaulipas.
_92263
650 1 4 _aDistrito de Riego Bajo Río San Juan, Tamps.
_932849
901 _aBK
942 _cFOLL
949 _bBC
_cTES
_d-79352
_eTS1
_i34242
_si
949 _bBC
_cTES
_d-79353
_eTS2
_fc.2
_i34242
_si
999 _c29158
_d29158